[Event "2021 FIDE Online Olympiad"]
[Site "Chess.com"]
[Date "2021.08.27"]
[Round "3.6"]
[White "Miltiadou, Danai"]
[Black "Roepke, Sofia"]
[Result "0-1"]
[WhiteElo "1278"]
[BlackElo "1273"]
[PlyCount "128"]
[EventDate "2021.08.27"]
[EventType "team"]
[EventRounds "9"]
[SourceVersionDate "2018.05.14"]
[WhiteTeam "Cyprus"]
[BlackTeam "Uruguay"]
[WhiteTeamCountry "CYP"]
[BlackTeamCountry "URU"]

1. e4 e5 2. Nf3 Nf6 3. Nxe5 d6 4. Nf3 Nxe4 5. Qe2 Qe7 6. Nc3 Nxc3 7. bxc3 Nd7
8. Bb2 Qxe2+ 9. Bxe2 Ne5 10. Nxe5 dxe5 11. c4 f6 12. Bf3 c6 13. O-O Bc5 14.
Rfe1 O-O 15. c3 Bf5 16. d4 Bd6 17. d5 Rac8 18. dxc6 bxc6 19. a4 Bc5 20. Ba3
Bxa3 21. Rxa3 Bd3 22. Be2 Rfd8 23. Rb3 Bxe2 24. h3 Rd1 25. Rxd1 Bxd1 26. Rb7
Bxa4 27. Rxa7 Bb3 28. c5 g6 29. Kf1 f5 30. Ke2 Rd8 31. Rc7 Ba4 32. Ra7 Bb5+ 33.
Ke3 Rd3+ 34. Ke2 Rd7+ 35. Ke3 Rxa7 36. f4 exf4+ 37. Kxf4 Ra3 38. g4 fxg4 39.
hxg4 Rxc3 40. g5 Rxc5 41. Kg4 Rd5 42. Kf4 c5 43. Ke4 Rd8 44. Ke5 c4 45. Ke6 c3
46. Ke7 Rd5 47. Kf6 Rxg5 48. Kxg5 c2 49. Kf6 c1=Q 50. Ke6 Qf1 51. Ke5 g5 52.
Kd5 g4 53. Ke4 g3 54. Kd4 g2 55. Ke5 g1=R 56. Ke4 Be8 57. Ke3 Qf7 58. Ke4 Re1+
59. Kd3 Qd7+ 60. Kc2 Bg6+ 61. Kc3 Rc1+ 62. Kb2 Qd2+ 63. Ka3 Ra1+ 64. Kb3 Bf7#
0-1

[Event "2021 FIDE Online Olympiad"]
[Site "Chess.com"]
[Date "2021.08.27"]
[Round "3.2"]
[White "Gemy, Jose Daniel"]
[Black "Lorenzo De Los Santos, Luis L."]
[Result "1-0"]
[WhiteElo "2316"]
[BlackElo "2111"]
[PlyCount "125"]
[EventDate "2021.08.27"]
[EventType "team"]
[EventRounds "9"]
[SourceVersionDate "2018.05.14"]
[WhiteTeam "Bolivia"]
[BlackTeam "Dominican Republic"]
[WhiteTeamCountry "BOL"]
[BlackTeamCountry "DOM"]

1. e4 c5 2. Nf3 g6 3. d4 cxd4 4. Nxd4 Bg7 5. Nc3 Nc6 6. Be3 Nf6 7. Bc4 Qa5 8.
O-O O-O 9. Bb3 d6 10. h3 Bd7 11. Nde2 Rac8 12. f4 b5 13. a3 a6 14. g4 Qc7 15.
Ng3 e6 16. g5 Ne8 17. Kg2 Na5 18. Bd4 Bc6 19. Ba2 Bb7 20. h4 Nc4 21. Bxc4 Qxc4
22. Bxg7 Kxg7 23. Kh2 f6 24. h5 fxg5 25. fxg5 Rxf1 26. Qxf1 Qxf1 27. h6+ Kg8
28. Rxf1 Nc7 29. Rd1 Rd8 30. e5 d5 31. Nge4 a5 32. Nf6+ Kh8 33. Nce4 Ne8 34.
Nxe8 Rxe8 35. Nf6 Rc8 36. c3 Ba6 37. Kg3 Rc4 38. Ra1 Bb7 39. Rf1 Rc8 40. Nd7
Kg8 41. Nf6+ Kh8 42. Rf4 Ba6 43. Rf2 Bb7 44. Nxh7 Kxh7 45. Rf7+ Kg8 46. Rxb7
Rf8 47. Rg7+ Kh8 48. Rxg6 Rf5 49. Kg4 Rxe5 50. Rf6 Kh7 51. Kh5 b4 52. axb4 axb4
53. Rf7+ Kg8 54. Rg7+ Kh8 55. Kg6 Rf5 56. Rh7+ Kg8 57. Rb7 Rf8 58. Re7 bxc3 59.
bxc3 Rc8 60. Rxe6 Kh8 61. Rd6 Rg8+ 62. Kh5 Re8 63. Rxd5 1-0

[Event "2021 FIDE Online Olympiad"]
[Site "Chess.com"]
[Date "2021.08.27"]
[Round "3.3"]
[White "Martinez Jimenez, Manyeli"]
[Black "Monroy G., Nataly A."]
[Result "0-1"]
[WhiteElo "1393"]
[BlackElo "1906"]
[PlyCount "50"]
[EventDate "2021.08.27"]
[EventType "team"]
[EventRounds "9"]
[SourceVersionDate "2018.05.14"]
[WhiteTeam "Dominican Republic"]
[BlackTeam "Bolivia"]
[WhiteTeamCountry "DOM"]
[BlackTeamCountry "BOL"]

1. d4 c5 2. d5 e6 3. c4 exd5 4. cxd5 d6 5. Nc3 g6 6. e4 Bg7 7. Nf3 Nf6 8. Bd3
O-O 9. O-O a6 10. Bg5 b5 11. a3 h6 12. Bh4 c4 13. Bc2 Nbd7 14. b3 Qc7 15. Rc1
cxb3 16. Bxb3 Qb6 17. Qe2 Nc5 18. Ba2 Re8 19. Nd2 Bb7 20. Kh1 Rac8 21. f3 Nfd7
22. Bf2 Qa5 23. Bg3 Bxc3 24. Rc2 Be5 25. f4 Bg7 0-1

[Event "2021 FIDE Online Olympiad"]
[Site "Chess.com"]
[Date "2021.08.27"]
[Round "3.4"]
[White "Estrada, Lucia"]
[Black "Cabreja Lora, Suzette"]
[Result "1-0"]
[WhiteElo "1931"]
[BlackElo "1623"]
[PlyCount "107"]
[EventDate "2021.08.27"]
[EventType "team"]
[EventRounds "9"]
[SourceVersionDate "2018.05.14"]
[WhiteTeam "Bolivia"]
[BlackTeam "Dominican Republic"]
[WhiteTeamCountry "BOL"]
[BlackTeamCountry "DOM"]

1. d4 Nf6 2. e3 d5 3. f4 e6 4. Nf3 c5 5. c3 Bd6 6. Bd3 Nc6 7. O-O O-O 8. Ne5
Qc7 9. Nd2 b6 10. Qf3 Bb7 11. g4 Ne7 12. g5 Nd7 13. Qh3 g6 14. Rf3 Nf5 15. Bxf5
exf5 16. Qh4 f6 17. Nxd7 Qxd7 18. gxf6 Qf7 19. Rh3 Rad8 20. Nf3 Rd7 21. Ne5
Bxe5 22. fxe5 Qe6 23. Bd2 Rff7 24. Be1 Kf8 25. Qf4 Ke8 26. Bh4 Rf8 27. Bg5 h5
28. Bh6 Rg8 29. Bg7 Rdxg7 30. fxg7 Rxg7 31. Qh6 Qg8 32. Qg5 Qf7 33. Rg3 Kd7 34.
Rf1 Ba6 35. Rd1 c4 36. Rf1 Bb7 37. Rf2 b5 38. Rfg2 a5 39. Qf6 Qxf6 40. exf6 Rg8
41. Rxg6 Rxg6 42. Rxg6 Ke8 43. Rg7 Bc6 44. Kf2 Kf8 45. Kg3 Be8 46. Kf4 h4 47.
Kxf5 Bh5 48. Ke5 Bf3 49. Rh7 b4 50. Rxh4 Be4 51. Rh8+ Kf7 52. Ra8 bxc3 53. bxc3
a4 54. Rxa4 1-0

[Event "2021 FIDE Online Olympiad"]
[Site "Chess.com"]
[Date "2021.08.27"]
[Round "3.5"]
[White "Mesa Cruz, Juan Carlos"]
[Black "Titichoca Daza, Daniel"]
[Result "1-0"]
[WhiteElo "2040"]
[BlackElo "2135"]
[PlyCount "69"]
[EventDate "2021.08.27"]
[EventType "team"]
[EventRounds "9"]
[SourceVersionDate "2018.05.14"]
[WhiteTeam "Dominican Republic"]
[BlackTeam "Bolivia"]
[WhiteTeamCountry "DOM"]
[BlackTeamCountry "BOL"]

1. e4 c5 2. Nf3 d6 3. d4 cxd4 4. Nxd4 Nf6 5. Nc3 a6 6. Bg5 e6 7. f4 Be7 8. Qf3
Qc7 9. O-O-O h6 10. Bh4 Nbd7 11. g4 b5 12. Bd3 Bb7 13. Bxf6 Bxf6 14. Bxb5 O-O
15. Bxd7 Qxd7 16. h4 g6 17. g5 Bh8 18. gxh6 Kh7 19. Rhg1 Rac8 20. h5 Rg8 21.
hxg6+ fxg6 22. Qg4 Rce8 23. Nf3 Bxc3 24. bxc3 Kh8 25. Ne5 Qa4 26. Nxg6+ Kh7 27.
Qh5 Bxe4 28. Nf8+ Rexf8 29. Rg7+ Kh8 30. Qh2 Rc8 31. Rdg1 Rgf8 32. h7 Qa3+ 33.
Kd1 Qxc3 34. Rg8+ Rxg8 35. hxg8=Q# 1-0

[Event "2021 FIDE Online Olympiad"]
[Site "Chess.com"]
[Date "2021.08.27"]
[Round "3.6"]
[White "Beltran Salvador, Milka"]
[Black "Ramirez Luzon, Franchesca"]
[Result "1-0"]
[WhiteElo "1496"]
[BlackElo "1743"]
[PlyCount "99"]
[EventDate "2021.08.27"]
[EventType "team"]
[EventRounds "9"]
[SourceVersionDate "2018.05.14"]
[WhiteTeam "Bolivia"]
[BlackTeam "Dominican Republic"]
[WhiteTeamCountry "BOL"]
[BlackTeamCountry "DOM"]

1. d4 Nf6 2. c4 g6 3. Nc3 Bg7 4. e4 d6 5. h3 Nbd7 6. Nf3 e5 7. d5 Nc5 8. Bd3 a5
9. a4 O-O 10. Bg5 h6 11. Be3 Bd7 12. Bxc5 dxc5 13. Nxe5 Nxe4 14. Nxe4 Bxe5 15.
O-O Qh4 16. Qf3 Bd4 17. Rab1 Bf5 18. Rfe1 Rfe8 19. b3 Bxe4 20. Bxe4 Bxf2+ 21.
Qxf2 Rxe4 22. Rxe4 Qxe4 23. Rf1 Rf8 24. Qxc5 b6 25. Qxc7 Qe3+ 26. Kh1 Qxb3 27.
d6 Qd3 28. Rf3 Qd1+ 29. Kh2 Qd4 30. d7 f5 31. Rf4 Qd2 32. Rf3 f4 33. Qc6 Kg7
34. Qc7 Kg8 35. Qxb6 Qxd7 36. Qxg6+ Qg7 37. Qe6+ Kh8 38. c5 Rg8 39. Qe2 Qc7 40.
Qb2+ Rg7 41. Qd4 Kh7 42. Rxf4 Rf7 43. g3 Rxf4 44. gxf4 Qf7 45. Qe4+ Kh8 46.
Qe5+ Kh7 47. c6 Qa2+ 48. Kg3 Qb3+ 49. Kh4 Qc3 50. Qxc3 1-0

[Event "2021 FIDE Online Olympiad"]
[Site "Chess.com"]
[Date "2021.08.28"]
[Round "4.1"]
[White "Van den Brink, Peter"]
[Black "Gemy, Jose Daniel"]
[Result "0-1"]
[WhiteElo "2185"]
[BlackElo "2316"]
[PlyCount "58"]
[EventDate "2021.08.27"]
[EventType "team"]
[EventRounds "9"]
[SourceVersionDate "2018.05.14"]
[WhiteTeam "Aruba"]
[BlackTeam "Bolivia"]
[WhiteTeamCountry "ARN"]
[BlackTeamCountry "BOL"]

1. c4 Nf6 2. g3 g6 3. Bg2 Bg7 4. Nc3 O-O 5. e4 d6 6. Nge2 c5 7. O-O Nc6 8. d3
Ne8 9. Be3 Nc7 10. d4 cxd4 11. Nxd4 Ne6 12. Nxc6 bxc6 13. Rc1 Bb7 14. Qd2 c5
15. Ne2 a5 16. f4 Qb6 17. Rfd1 Rab8 18. f5 gxf5 19. exf5 Bxg2 20. Kxg2 Qc6+ 21.
Kf2 Rxb2 22. Rc2 Nd4 23. Bxd4 Rxc2 24. Qxc2 cxd4 25. Nxd4 Qc5 26. Qe4 Qxc4 27.
Rd2 e5 28. fxe6 fxe6+ 29. Kg2 Qf1# 0-1

[Event "2021 FIDE Online Olympiad"]
[Site "Chess.com"]
[Date "2021.08.28"]
[Round "4.2"]
[White "Ferrufino, Boris"]
[Black "Franken, Angelo"]
[Result "1-0"]
[WhiteElo "2091"]
[BlackElo "1686"]
[PlyCount "75"]
[EventDate "2021.08.27"]
[EventType "team"]
[EventRounds "9"]
[SourceVersionDate "2018.05.14"]
[WhiteTeam "Bolivia"]
[BlackTeam "Aruba"]
[WhiteTeamCountry "BOL"]
[BlackTeamCountry "ARN"]

1. d4 Nf6 2. Nf3 g6 3. Nbd2 d5 4. e3 Bg7 5. b4 O-O 6. Bb2 b6 7. Bd3 Bb7 8. O-O
Nbd7 9. c4 a5 10. b5 c6 11. a4 c5 12. Qb3 dxc4 13. Bxc4 Ne4 14. Rac1 Nxd2 15.
Nxd2 cxd4 16. exd4 e6 17. Be2 Rc8 18. Bf3 Rxc1 19. Rxc1 Bxf3 20. Nxf3 Qf6 21.
Rc7 Rd8 22. h3 Bf8 23. d5 Qf4 24. Rc4 Qd6 25. dxe6 Qxe6 26. Qc3 f6 27. Rc6 Qf5
28. Nd4 Qb1+ 29. Kh2 Nc5 30. g3 Qf1 31. Qf3 Nd3 32. Rxf6 Nxb2 33. Ne6 Bc5 34.
Nxd8 Qxf2+ 35. Qxf2 Bxf2 36. Rxf2 Nxa4 37. Ne6 Nc3 38. Rf8# 1-0

[Event "2021 FIDE Online Olympiad"]
[Site "Chess.com"]
[Date "2021.08.28"]
[Round "4.3"]
[White "Jacobs, Annelaine"]
[Black "Cordero, Daniela"]
[Result "0-1"]
[WhiteElo "1612"]
[BlackElo "1981"]
[PlyCount "58"]
[EventDate "2021.08.27"]
[EventType "team"]
[EventRounds "9"]
[SourceVersionDate "2018.05.14"]
[WhiteTeam "Aruba"]
[BlackTeam "Bolivia"]
[WhiteTeamCountry "ARN"]
[BlackTeamCountry "BOL"]

1. e4 e6 2. d4 d5 3. exd5 exd5 4. Bf4 Nf6 5. Bd3 Bd6 6. Bxd6 Qxd6 7. c3 Bg4 8.
f3 Be6 9. Ne2 Nc6 10. Nd2 O-O-O 11. O-O g5 12. b4 Ne7 13. a4 h5 14. a5 Bf5 15.
Nb3 h4 16. b5 h3 17. g3 Rde8 18. b6 a6 19. bxc7 Qxc7 20. Nc5 Nd7 21. Nxd7 Qxd7
22. Bxf5 Nxf5 23. Qd3 Re3 24. Qd2 Rhe8 25. Nc1 Nd6 26. Qb2 Nc4 27. Qc2 f5 28.
Rb1 R3e7 29. Qb3 Nd2 0-1

[Event "2021 FIDE Online Olympiad"]
[Site "Chess.com"]
[Date "2021.08.28"]
[Round "4.4"]
[White "Estrada, Lucia"]
[Black "Aponte, Samantha"]
[Result "1-0"]
[WhiteElo "1931"]
[BlackElo "1087"]
[PlyCount "37"]
[EventDate "2021.08.27"]
[EventType "team"]
[EventRounds "9"]
[SourceVersionDate "2018.05.14"]
[WhiteTeam "Bolivia"]
[BlackTeam "Aruba"]
[WhiteTeamCountry "BOL"]
[BlackTeamCountry "ARN"]

1. d4 d5 2. e3 Nf6 3. Bd3 e6 4. f4 c5 5. c3 Nc6 6. Nf3 Be7 7. Nbd2 O-O 8. O-O
c4 9. Bc2 Bd6 10. Ne5 Bxe5 11. fxe5 Nd7 12. e4 Nb6 13. Qh5 h6 14. Nf3 Bd7 15.
exd5 exd5 16. Bxh6 g6 17. Bxg6 fxg6 18. Qxg6+ Kh8 19. Qg7# 1-0

[Event "2021 FIDE Online Olympiad"]
[Site "Chess.com"]
[Date "2021.08.28"]
[Round "4.5"]
[White "Antonio, Kyell-Jean"]
[Black "Vera, Pavel"]
[Result "0-1"]
[WhiteElo "1497"]
[BlackElo "1579"]
[PlyCount "150"]
[EventDate "2021.08.27"]
[EventType "team"]
[EventRounds "9"]
[SourceVersionDate "2018.05.14"]
[WhiteTeam "Aruba"]
[BlackTeam "Bolivia"]
[WhiteTeamCountry "ARN"]
[BlackTeamCountry "BOL"]

1. e4 c5 2. Nf3 Nc6 3. d4 cxd4 4. Nxd4 Nf6 5. Nc3 d6 6. Be2 e5 7. Nb3 Be7 8.
O-O O-O 9. Be3 Be6 10. f4 d5 11. exd5 Nxd5 12. Nxd5 Qxd5 13. Qxd5 Bxd5 14. fxe5
Nxe5 15. Rad1 Be4 16. c3 b6 17. Bf4 Ng6 18. Bg3 f5 19. Bc4+ Kh8 20. Rfe1 Rfd8
21. Nd4 Bc5 22. Bf2 Ne5 23. Bf1 Ng4 24. Bh4 Rd6 25. Be7 Bxd4+ 26. cxd4 Rd7 27.
h3 Rxe7 28. hxg4 g6 29. Bd3 Rd8 30. gxf5 gxf5 31. Bxe4 fxe4 32. d5 Rd6 33. Kf2
Re5 34. g4 Kg7 35. a3 Kf6 36. Kg3 Kg5 37. Re2 h6 38. Ree1 a5 39. Re2 Rdxd5 40.
Rxd5 Rxd5 41. Rxe4 Rd3+ 42. Kf2 Rb3 43. Re5+ Kxg4 44. Re4+ Kf5 45. Rh4 Rxb2+
46. Ke1 Kg5 47. Rh3 h5 48. Rc3 h4 49. Kf1 b5 50. Kg1 Kg4 51. Rc5 Kg3 52. Rc3+
Kg4 53. Rc5 h3 54. Rc1 b4 55. axb4 axb4 56. Rc4+ Kg3 57. Rc1 Rg2+ 58. Kh1 Rb2
59. Kg1 b3 60. Rc3+ Kg4 61. Rc4+ Kf3 62. Rc3+ Ke2 63. Rxh3 Rb1+ 64. Kg2 Kd2 65.
Rh8 Rd1 66. Rb8 Kc2 67. Rc8+ Kb1 68. Kf2 b2 69. Ke2 Rd5 70. Rb8 Kc2 71. Rc8+
Kb3 72. Rb8+ Kc3 73. Rc8+ Kb4 74. Rb8+ Rb5 75. Rxb5+ Kxb5 0-1

[Event "2021 FIDE Online Olympiad"]
[Site "Chess.com"]
[Date "2021.08.28"]
[Round "4.6"]
[White "Beltran Salvador, Milka"]
[Black "Sagastegui, Thamara"]
[Result "1-0"]
[WhiteElo "1496"]
[BlackElo "1282"]
[PlyCount "137"]
[EventDate "2021.08.27"]
[EventType "team"]
[EventRounds "9"]
[SourceVersionDate "2018.05.14"]
[WhiteTeam "Bolivia"]
[BlackTeam "Aruba"]
[WhiteTeamCountry "BOL"]
[BlackTeamCountry "ARN"]

1. d4 Nf6 2. c4 b6 3. Nc3 Bb7 4. Bg5 Ne4 5. Nxe4 Bxe4 6. e3 h6 7. Bh4 g5 8. Bg3
e6 9. Ne2 Be7 10. Nc3 Bb7 11. e4 Bb4 12. Bd3 Nc6 13. d5 Ne7 14. Be5 Rg8 15. Qh5
Ng6 16. Bg3 Rh8 17. e5 Nf4 18. Bxf4 gxf4 19. Be4 Bxc3+ 20. bxc3 exd5 21. cxd5
Qg5 22. Qxg5 hxg5 23. f3 O-O-O 24. Kf2 d6 25. exd6 Rxd6 26. c4 Rdh6 27. h3 Rd6
28. Rhe1 Kd8 29. Rac1 c6 30. Rc3 cxd5 31. cxd5 Bxd5 32. Rd3 Bxe4 33. Rxd6+ Kc7
34. Red1 Bf5 35. R6d4 Be6 36. a3 Re8 37. Rc1+ Kb7 38. Rd3 Rc8 39. Rxc8 Kxc8 40.
Rd4 Kc7 41. h4 f6 42. hxg5 fxg5 43. Re4 Kd6 44. Ra4 a5 45. Rd4+ Kc5 46. Rd8 g4
47. fxg4 Bxg4 48. Rf8 Be6 49. Rxf4 b5 50. Ke2 Kd5 51. Ke3 Ke5 52. Rh4 Kd6 53.
Kd3 Bd5 54. g3 a4 55. Rh6+ Kc5 56. Rh4 Kd6 57. Kd4 Bc4 58. Rh6+ Kc7 59. Rf6 Kd7
60. g4 Be6 61. g5 Bg8 62. Rf8 Be6 63. g6 Ke7 64. g7 b4 65. g8=Q Bxg8 66. Rxg8
bxa3 67. Kc3 Kd6 68. Ra8 a2 69. Rxa4 1-0

[Event "2021 FIDE Online Olympiad"]
[Site "Chess.com"]
[Date "2021.08.28"]
[Round "4.1"]
[White "Savva, Marios"]
[Black "Polanco Nunez, Yoel Estarling"]
[Result "1-0"]
[WhiteElo "1777"]
[BlackElo "2222"]
[PlyCount "67"]
[EventDate "2021.08.27"]
[EventType "team"]
[EventRounds "9"]
[SourceVersionDate "2018.05.14"]
[WhiteTeam "Cyprus"]
[BlackTeam "Dominican Republic"]
[WhiteTeamCountry "CYP"]
[BlackTeamCountry "DOM"]

1. e4 c5 2. Nf3 d6 3. Bb5+ Nd7 4. c3 Ngf6 5. Bd3 Ne5 6. Nxe5 dxe5 7. Bc2 g6 8.
O-O Bg7 9. d3 O-O 10. h3 Nh5 11. Be3 b6 12. a4 Ba6 13. Na3 Qc7 14. Nb5 Qd7 15.
c4 e6 16. Qd2 f5 17. Bh6 Rad8 18. Bxg7 Kxg7 19. Qc3 Kg8 20. Qxe5 Rf7 21. Rad1
Bxb5 22. axb5 f4 23. Rd2 f3 24. g3 Nf6 25. Rfd1 Qe7 26. d4 Nd7 27. Qc7 Rdf8 28.
dxc5 Nxc5 29. Qxe7 Rxe7 30. b4 Nb7 31. Rd7 Rff7 32. Rxe7 Rxe7 33. e5 Kh8 34.
Be4 1-0

[Event "2021 FIDE Online Olympiad"]
[Site "Chess.com"]
[Date "2021.08.28"]
[Round "4.3"]
[White "Ioannides Liu, Alice"]
[Black "Santos Almonte, Carol"]
[Result "1-0"]
[WhiteElo "1475"]
[BlackElo "1680"]
[PlyCount "85"]
[EventDate "2021.08.27"]
[EventType "team"]
[EventRounds "9"]
[SourceVersionDate "2018.05.14"]
[WhiteTeam "Cyprus"]
[BlackTeam "Dominican Republic"]
[WhiteTeamCountry "CYP"]
[BlackTeamCountry "DOM"]

1. e4 e6 2. d4 d5 3. e5 c5 4. Nf3 Nc6 5. c3 Qb6 6. Be2 Nh6 7. O-O Nf5 8. dxc5
Bxc5 9. b4 Bf8 10. Bd3 g6 11. Bxf5 gxf5 12. Ng5 Be7 13. Qh5 Bxg5 14. Bxg5 Qc7
15. Bf6 Rf8 16. Bg7 Nxe5 17. Bxf8 Kxf8 18. Qxh7 Ke7 19. Re1 Nd3 20. Qh4+ Ke8
21. Re3 Nb2 22. Qf6 b6 23. Rh3 Qe7 24. Rh8+ Kd7 25. Qxe7+ Kxe7 26. Nd2 Bb7 27.
Rxa8 Bxa8 28. Rb1 Nd3 29. a4 Kd6 30. a5 b5 31. Nf3 f6 32. Rd1 Nb2 33. Rc1 Bc6
34. Nd4 a6 35. Nxc6 Kxc6 36. Kf1 e5 37. Ke2 Kd6 38. h4 Ke6 39. h5 Na4 40. h6
Kf7 41. Rh1 Nxc3+ 42. Kd3 Ne4 43. Ke2 1-0

[Event "2021 FIDE Online Olympiad"]
[Site "Chess.com"]
[Date "2021.08.28"]
[Round "4.4"]
[White "Cabreja Lora, Suzette"]
[Black "Sokolova, Victoria"]
[Result "1/2-1/2"]
[WhiteElo "1623"]
[BlackElo "1269"]
[PlyCount "121"]
[EventDate "2021.08.27"]
[EventType "team"]
[EventRounds "9"]
[SourceVersionDate "2018.05.14"]
[WhiteTeam "Dominican Republic"]
[BlackTeam "Cyprus"]
[WhiteTeamCountry "DOM"]
[BlackTeamCountry "CYP"]

1. e4 e5 2. f4 d5 3. exd5 exf4 4. Nf3 Nf6 5. Nc3 Nxd5 6. Bc4 Nxc3 7. dxc3 Qxd1+
8. Kxd1 Bd6 9. Bd2 O-O 10. h4 Nc6 11. Rf1 Be6 12. Bd3 Rad8 13. Nd4 Nxd4 14.
cxd4 Bg4+ 15. Kc1 Be6 16. Bxf4 Bxf4+ 17. Rxf4 h6 18. c3 g5 19. hxg5 hxg5 20.
Rf3 Kg7 21. Kc2 b6 22. Rh1 Rh8 23. Rxh8 Rxh8 24. Rg3 f6 25. c4 c6 26. b3 Rd8
27. Re3 Kf7 28. Kc3 a6 29. Re1 b5 30. a3 Rh8 31. Be4 Bd7 32. d5 f5 33. dxc6
fxe4 34. cxd7 Ke7 35. Rxe4+ Kxd7 36. Re5 bxc4 37. bxc4 Rg8 38. Kd4 Rg6 39. c5
Kc6 40. Kc4 a5 41. a4 g4 42. g3 Rf6 43. Rd5 Re6 44. Rd6+ Rxd6 45. cxd6 Kxd6 46.
Kb5 Ke5 47. Kxa5 Ke4 48. Kb5 Kf3 49. a5 Kxg3 50. a6 Kh2 51. a7 g3 52. a8=Q g2
53. Qh8+ Kg3 54. Qg7+ Kf2 55. Qf6+ Kg3 56. Qc3+ Kh2 57. Qh8+ Kg3 58. Qg7+ Kf2
59. Qf6+ Kg3 60. Qc3+ Kh2 61. Qh8+ 1/2-1/2

[Event "2021 FIDE Online Olympiad"]
[Site "Chess.com"]
[Date "2021.08.28"]
[Round "4.5"]
[White "Rousis, Chrysostomos"]
[Black "Mesa Cruz, Juan Carlos"]
[Result "1-0"]
[WhiteElo "1602"]
[BlackElo "2040"]
[PlyCount "89"]
[EventDate "2021.08.27"]
[EventType "team"]
[EventRounds "9"]
[SourceVersionDate "2018.05.14"]
[WhiteTeam "Cyprus"]
[BlackTeam "Dominican Republic"]
[WhiteTeamCountry "CYP"]
[BlackTeamCountry "DOM"]

1. d4 Nf6 2. Bf4 d5 3. e3 e6 4. Nf3 Bd6 5. Bg3 O-O 6. Nbd2 c5 7. c3 Nc6 8. Bd3
Re8 9. Ne5 Qc7 10. f4 c4 11. Bc2 b5 12. Bh4 Nd7 13. Bxh7+ Kf8 14. Nxf7 Be7 15.
Bxe7+ Kxe7 16. Bg6 Rf8 17. Ng5 Nf6 18. Nh7 Rh8 19. Nxf6 gxf6 20. Qg4 Bd7 21. h4
b4 22. O-O Rag8 23. h5 Rh6 24. Qf3 Be8 25. Bxe8 Kxe8 26. e4 dxe4 27. Qxe4 f5
28. Qf3 Rg4 29. d5 Ne7 30. d6 Qxd6 31. Nxc4 Qc5+ 32. Ne3 Nd5 33. Rae1 bxc3 34.
bxc3 Rxf4 35. Qg3 Rxf1+ 36. Kxf1 Nxe3+ 37. Rxe3 Qc4+ 38. Kg1 Qg4 39. Qb8+ Kf7
40. Qc7+ Kf6 41. Qd8+ Kf7 42. Qd7+ Kf6 43. Rxe6+ Kg5 44. Qg7+ Kh4 45. Qxg4+ 1-0

[Event "2021 FIDE Online Olympiad"]
[Site "Chess.com"]
[Date "2021.08.28"]
[Round "4.6"]
[White "Ramirez Luzon, Franchesca"]
[Black "Antoniou, Evalena"]
[Result "1-0"]
[WhiteElo "1743"]
[BlackElo "1000"]
[PlyCount "43"]
[EventDate "2021.08.27"]
[EventType "team"]
[EventRounds "9"]
[SourceVersionDate "2018.05.14"]
[WhiteTeam "Dominican Republic"]
[BlackTeam "Cyprus"]
[WhiteTeamCountry "DOM"]
[BlackTeamCountry "CYP"]

1. e4 e5 2. Nf3 Nc6 3. Bb5 Nf6 4. O-O Bc5 5. d3 O-O 6. Bxc6 bxc6 7. Nxe5 h6 8.
d4 Bd6 9. Nc3 Ba6 10. Re1 Nxe4 11. Nxe4 Bb4 12. c3 Bd6 13. Nxd6 cxd6 14. Nd3
Bc4 15. b3 Bd5 16. Qg4 Be6 17. Qg3 Rb8 18. Bxh6 g6 19. Bg5 Qe8 20. Bf6 Rc8 21.
Qh4 Qd8 22. Qh8# 1-0

[Event "2021 FIDE Online Olympiad"]
[Site "Chess.com"]
[Date "2021.08.28"]
[Round "4.1"]
[White "Harper, Ryan"]
[Black "Rodriguez Vila, Andres"]
[Result "1-0"]
[WhiteElo "2198"]
[BlackElo "2481"]
[PlyCount "113"]
[EventDate "2021.08.27"]
[EventType "team"]
[EventRounds "9"]
[SourceVersionDate "2018.05.14"]
[WhiteTeam "Trinidad & Tobago"]
[BlackTeam "Uruguay"]
[BlackTeamCountry "URU"]

1. e4 c5 2. Nf3 a6 3. d4 cxd4 4. Nxd4 Nf6 5. Nc3 e5 6. Nde2 Nc6 7. g3 Bc5 8.
Bg2 d6 9. O-O Be6 10. h3 Qd7 11. Kh2 h5 12. Bg5 Nh7 13. Bd2 h4 14. g4 g5 15.
Nd5 f6 16. Be3 Rd8 17. c3 b5 18. b4 Ba7 19. Bxa7 Nxa7 20. a4 Qb7 21. axb5 axb5
22. Ra5 O-O 23. Qd2 Nc6 24. Ra3 Rf7 25. Rfa1 Nf8 26. Ra6 Nd7 27. Qe3 Kg7 28.
Ng1 Bxd5 29. exd5 Ncb8 30. Rxd6 Qc7 31. Re6 Nf8 32. Rb6 e4+ 33. Kh1 Rxd5 34.
Bxe4 Re5 35. f3 Nfd7 36. Rxb8 Qxb8 37. Ne2 Nb6 38. Nd4 Nc4 39. Qf2 Nd6 40. Bb1
Qe8 41. Qc2 Re1+ 42. Kg2 f5 43. gxf5 Nxf5 44. Nxf5+ Rxf5 45. Ra7+ Kg8 46. Ra8
Qxa8 47. Qxf5 Re7 48. Be4 Qa2+ 49. Kg1 Qf7 50. Bd5 Kf8 51. Bxf7 Rxf7 52. Qc8+
Kg7 53. Qc6 Re7 54. Kf2 Ra7 55. Qxb5 Ra2+ 56. Ke3 Rh2 57. Qxg5+ 1-0

[Event "2021 FIDE Online Olympiad"]
[Site "Chess.com"]
[Date "2021.08.28"]
[Round "4.2"]
[White "Hoffman, Alejandro"]
[Black "Winter Atwell, Adrian"]
[Result "1-0"]
[WhiteElo "2507"]
[BlackElo "2073"]
[PlyCount "95"]
[EventDate "2021.08.27"]
[EventType "team"]
[EventRounds "9"]
[SourceVersionDate "2018.05.14"]
[WhiteTeam "Uruguay"]
[BlackTeam "Trinidad & Tobago"]
[WhiteTeamCountry "URU"]

1. d4 d5 2. c4 e6 3. Nc3 Nf6 4. cxd5 exd5 5. Bg5 Nbd7 6. e3 c6 7. Bd3 Bd6 8.
Qc2 h6 9. Bh4 a5 10. Nge2 Nf8 11. f3 g5 12. Bf2 Qe7 13. a3 Ne6 14. O-O-O Bd7
15. Ng3 Ng7 16. e4 dxe4 17. fxe4 Ng4 18. Kb1 b5 19. e5 Bxa3 20. bxa3 Qxa3 21.
Nce4 Nxf2 22. Nd6+ Kf8 23. Qxf2 Be6 24. Qb2 Qxb2+ 25. Kxb2 a4 26. Nge4 Ke7 27.
Nc5 Rhb8 28. Be4 a3+ 29. Ka1 Rb6 30. Rhf1 Rf8 31. d5 cxd5 32. Bxd5 Bg4 33. Rd4
Bh5 34. Rf6 Rbb8 35. Rb4 Bg6 36. Ka2 Ne8 37. Nxe8 Rfxe8 38. Kxa3 Red8 39. Be4
Bxe4 40. Nxe4 Rd3+ 41. Kb2 Re3 42. Rf2 Rd8 43. Nd6 Rxe5 44. Nf5+ Ke6 45. Nd4+
Kd5 46. Nf3 Kc5 47. Nxe5 Rd5 48. Re4 1-0

[Event "2021 FIDE Online Olympiad"]
[Site "Chess.com"]
[Date "2021.08.28"]
[Round "4.3"]
[White "Johnson, Gabriella"]
[Black "de Leon, Patricia"]
[Result "1/2-1/2"]
[WhiteElo "1733"]
[BlackElo "1861"]
[PlyCount "97"]
[EventDate "2021.08.27"]
[EventType "team"]
[EventRounds "9"]
[SourceVersionDate "2018.05.14"]
[WhiteTeam "Trinidad & Tobago"]
[BlackTeam "Uruguay"]
[BlackTeamCountry "URU"]

1. e4 e6 2. d4 d5 3. exd5 exd5 4. Nf3 Bd6 5. Bd3 Nc6 6. a3 Bg4 7. Be3 Qd7 8. h3
Bh5 9. Nc3 Nge7 10. Nb5 f6 11. g4 Bg6 12. Nh4 Bxd3 13. Qxd3 O-O-O 14. O-O-O g6
15. Ng2 h5 16. Nxd6+ Qxd6 17. Bf4 Qd7 18. f3 Rde8 19. Rde1 Nd8 20. Qc3 Qc6 21.
Qb4 Qd7 22. Re3 Nec6 23. Qc3 Ne6 24. Rd1 hxg4 25. hxg4 Nxf4 26. Nxf4 Rxe3 27.
Qxe3 Re8 28. Qd3 f5 29. gxf5 Qxf5 30. Qxf5+ gxf5 31. Nxd5 Rd8 32. c4 Na5 33.
Ne7+ Kb8 34. c5 f4 35. Ng6 Nc6 36. Nxf4 Rxd4 37. Rxd4 Nxd4 38. Nd5 Nxf3 39. b4
Nd4 40. Kb2 Nb5 41. Nc3 Nd4 42. Nd5 c6 43. Ne3 Kc7 44. Kc3 Ne6 45. Nc4 b6 46.
cxb6+ axb6 47. Ne5 Kb7 48. Kc4 Nc7 49. Nf7 1/2-1/2